1531 1157 1554 1381 1213 1169 1655 1670 1357 1127 1359 1079 1638 1794 1141 1344 1635 1240 1490 1838 1279 1433 1429 1458 1003 1412 1792 1334 1987 1642 1167 1800 1488 1991 1661 1681 1837 1875 1216 1053 1918 1581 1957 1139 1043 1071 1767 1013 1911 1232 1834 1511 1027 1937 1717 1464 1455 1343 1961 1356 1263 1214 1298 1285 1232 1781 1431 1736 1677 1703 1663 1028 1211 1530 1854 1175 1313 1147 1618 1821 1950 1916 1894 1840 1324 1964 1709 1104 1363 1091 1520 1335 1656 1445 1915 1124 1868 1246 1692 BCNSPRNW ULIB Ver.6.0+V

เปลี่ยนเป็นภาษาไทย

Change to English
 แสดงรายละเอียดบรรณานุกรม
  กลับหน้าหลัก

Brief Record : Get Marc (ISO 2709) : E-mail record : QR code < ปิดหน้าต่าง
LEADER : 00000nam 2200000uu 4500
001    13399111146
003     ULIB
008    110616s||||||||th 000 0 tha d
020    9786117058028
050  4 BF637.S8^bล979ค 252553
100 0  ไล่ชูฮุ่ย
245 10 ความสุขคือการเลือกอย่างหนึ่ง /^cผู้เขียน,ไล่ชูฮุ่ย
250    พิมพ์ครั้งที่ 1
260    กรุงเทพฯ :^bbe Bright,^c2553
300    199 หน้า
650  7 เพิ่มพลังใจ
650  7 ความสุข
650  7 อารมณ์ขัน
710 1  be Bright
945    ^p150^l0^i028930
995    ทศพร
999 ^a ใช้งานได้ทุกระบบ
รายการนี้ยังไม่มีแท็ก
คุณยังไม่ได้ล็อกอิน คุณสามารถมีกิจกรรมร่วมกับเว็บไซต์ได้ แต่ต้องล็อกอินก่อน ::
  ล็อกอิน

รายการสื่อสารสนเทศ

ลำดับที่ ประเภท เลขเรียก/บาร์โค้ด สถานที่ สถานะ
- ไม่พบข้อมูล -

รายการใกล้เคียง
    หัวเรื่อง [ความสุข]

BibComment


ยังไม่เคยถูกคอมเมนท์

คอมเมนท์ทรัพยากรรายการนี้
  คอมเมนท์: ความสุขคือการเลือ..


 Copyright 2026. Bcnsprnw @Library